000
00252nam a2200109Ia 4500
005
20250424120329.0
008
250424s9999 xx 000 0 und d
022
_a
1587660068
245
4
_a
The new york times
260
_b
GB Galahad Books
942
_c
SR
999
_c
38704
_d
38704